Дело о службе состоявшего при санкт-петербургских театрах, уволенного актера драматической труппы Николая Александрова, по театр...

Доступно только в Электронных читальных залах Найти на картеНа карте
RUSMARC
00003791nmc2a22000003x 450
001fd9d2c1f-4885-413f-8c62-74cb5f4a2de7
00520181221215956.0
100##$a20170627l18451847k l0rusy0189 ca
1010#$arus
102##$aRU
2001#$aДело о службе состоявшего при санкт-петербургских театрах, уволенного актера драматической труппы Николая Александрова, по театру Канаева
$j28 ноября 1845 г. - 1 ноября 1847 г.
251##$cДело
300##$aПо Санкт-Петербургской дирекции за 1845 год
300##$aДело
801#0$aRU
$bРГИА
$c20170627
$gRCR
801#1$aRU
$bГлавНИВЦ
$c20170627
$2rusmarc
801#2$aRU
$bПБ им. Б.Н. Ельцина
$c20181221
$gRCR
$2rusmarc
850##$aРГИА
852##$aРГИА
$eФедеральное казенное учреждение "Российский государственный исторический архив" (РГИА)
$j10180
937##$hРГИА
$d12245123
$aASBIBLIO_SCAN
462#0$1001dd3991dc-24e1-42ec-8838-ca4255420416
$12001
$a1746-1850 гг.
$1251
$cОпись
$1852
$j1
461#0$10019264ebf8-de62-4f1a-9eb4-9f22098dbbd5
$12001
$aДирекция императорских театров МИДв
$1251
$cФонд
$1852
$j497
215##$a23 л.
$d36,5х26 см
371##$aДокумент не является опубликованным и широко распространяемым
105##$ay###
1222#$ad
035##$afd9d2c1f-4885-413f-8c62-74cb5f4a2de7
856##$uhttp://readingroom.main.prlib.ru/item.aspx?id_node=n122199847&mode=full
Формат отображения